[Event "BCF-chT qual (4NCL)"]
[Site "England"]
[Date "2002.06.02"]
[Round "3"]
[White "Young, Collins"]
[Black "Bradley, Karen"]
[Result "1/2-1/2"]
[WhiteElo "1608"]
[BlackElo "1304"]
[PlyCount "78"]
[EventDate "2002.06.??"]
[EventType "team"]
[EventRounds "8"]
[EventCountry "ENG"]
[SourceTitle "EXT 2005"]
[Source "ChessBase"]
[SourceDate "2004.11.15"]
[SourceVersion "1"]
[SourceVersionDate "2004.11.15"]
[SourceQuality "1"]
[WhiteTeam "Metropolitan"]
[BlackTeam "NW Eagles"]
[WhiteTeamCountry "ENG"]
[BlackTeamCountry "ENG"]

1. d4 Nf6 2. c4 c5 3. d5 b5 4. b3 d6 5. Bb2 Nbd7 6. Nd2 g6 7. e4 Bg7 8. cxb5 a6 9. bxa6 Bxa6 10. Bxa6 Rxa6 11. Ne2 0-0 12. 0-0 Qb6 13. Qc2 Rfa8 14. Nc4 Qa7 15. a4 Nb6 16. Rab1 Nxc4 17. Qxc4 Rb6 18. Bc3 Nd7 19. Bxg7 Kxg7 20. Nc3 Rb4 21. Qe2 Qb7 22. Qc2 Nf6 23. f3 Ne8 24. Nb5 Nc7 25. Nxc7 Qxc7 26. Rfc1 Qb6 27. Kh1 Rb8 28. h3 Rxb3 29. Ra1 Qa5 30. Kh2 Rb2 31. Qc3+ Qxc3 32. Rxc3 Ra8 33. a5 Ra6 34. Kg3 Kf6 35. f4 h6 36. Kf3 Kg7 37. e5 Kf8 38. g4 Ke8 39. f5 Rb5 1/2-1/2